| 000 | 00686pam a2200217 a 4500 | ||
|---|---|---|---|
| 020 | _a9024729327 | ||
| 082 | 0 | 0 |
_a624.25 _bRAJ |
| 100 |
_aRaju Krishna .N _943234 |
||
| 245 | 1 | 0 | _aDesign of bridges |
| 260 |
_aNew Delhi ; _aIndia : _bOxford & IBH ; _cc1988. |
||
| 300 |
_aviii, 318 p. : _bill. ; _c25 cm. |
||
| 526 |
_a0 _b0 _c0 _d624_250000000000000_RAJ |
||
| 526 |
_a0 _b0 _c0 _d624_250000000000000_RAJ |
||
| 526 |
_a0 _b0 _c0 _d624_250000000000000_RAJ |
||
| 650 | 0 |
_aBridges _xDesign and construction _9801 |
|
| 650 | 0 |
_aMCE _9379 |
|
| 700 | 1 |
_aWasti, Syed Tanvir, _943404 |
|
| 700 | 1 |
_aYılmaz, Çetin. _943405 |
|
| 710 | 2 |
_aNorth Atlantic Treaty Organization. _942905 |
|
| 942 |
_2ddc _cBK |
||
| 999 |
_c547226 _d547226 |
||